Top 10 Countries with the most Film Industries - Statistics

General Stats
  • This quiz has been taken 71 times
  • The average score is 9 of 10
Answer Stats
Amount of Money in USD per year(In Billions) Answer % Correct
6.5 United Kingdom
100%
11.4 United States of America
100%
1.6 France
97%
6.6 China
95%
2 Japan
95%
1.9 India
94%
1.1 Germany
90%
0.9 Australia
81%
1.5 South Korea
81%
0.8 Mexico
74%
No matching quizzes found
Score Distribution
Percent of People with Each Score
Percentile by Number Answered
Your Score History
You have not taken this quiz